5 villes les plus connues par pays - #3 - Statistiques

Statistiques générales
  • Ce quiz a été pris 2 159 fois
  • Le résultat moyen est 18 sur 40
Statistiques - réponses
Pays Pourcentage Villes % Correct
Russie 68,1% Moscou
99%
Mexique 79,1% Mexico
97%
Egypte 75,6% Le Caire
95%
Pays-Bas 61,8% Amsterdam
93%
Turquie 76% Istanbul
93%
Russie 59,6% Saint-Pétersbourg
91%
Pologne 63,3% Varsovie
90%
Turquie 63,8% Ankara
87%
Pays-Bas 41,9% Rotterdam
81%
Arabie Saoudite 54,7% Riyad
71%
Egypte 55,7% Alexandrie
67%
Pologne 43,9% Cracovie
67%
Nigeria 60,6% Lagos
65%
Pays-Bas 35,3% La Haye
54%
Arabie Saoudite 52,4% La Mecque
54%
Mexique 31,2% Cancún
48%
Nigeria 36,8% Abuja
40%
Mexique 33% Guadalajara
39%
Russie 32,1% Volgograd
39%
Turquie 30,9% Izmir
36%
Pologne 36,6% Gdańsk
35%
Arabie Saoudite 39% Médine
35%
Russie 30,6% Vladivostok
34%
Arabie Saoudite 30,5% Djeddah
32%
Pays-Bas 16,8% Eindhoven
32%
Turquie 21,5% Antalya
31%
Egypte 18,2% Louxor
29%
Mexique 42,7% Tijuana
29%
Mexique 30,6% Monterrey
27%
Pays-Bas 18,3% Utrecht
27%
Egypte 28,3% Gizeh
25%
Pologne 21,6% Łódź
21%
Russie 29,6% Kaliningrad
15%
Nigeria 19,6% Kano
15%
Egypte 22,1% Suez
13%
Pologne 22,6% Wrocław
13%
Turquie 16% Bursa
9%
Nigeria 14,7% Ibadan
8%
Nigeria 15,3% Bénin City
5%
Arabie Saoudite 8,76% Dammam
4%
Aucun quiz correspondant
Distribution des résultats
% des personnes avec chaque résultat
Percentile par nombre de réponses
Votre historique - résultats
Vous n’avez pas pris ce quiz